Gestin̤ informt̀ica de la empresa Nuevos modelos de negocio /

Detalles Bibliográficos
Autor principal: Jimňez Partearroyo, Monserrat
Formato: eBook
Lenguaje:español
Publicado: Bogot:̀ Ediciones de la U, 2012
Materias:
Acceso en línea:Acceso restringido

MARC

LEADER 00000nam a22000007a 4500
005 20210515010157.0
007 cr|||| ||||
008 210515s2012 co |||||s|||| 00||0 spa d
020 |a 978-958-762-005-4 
035 |a 33369 
040 |a vLex 
090 |c 11679  |d 11679 
100 1 |a Jimňez Partearroyo, Monserrat 
245 1 0 |a Gestin̤ informt̀ica de la empresa  |h [Recurso electrn̤ico] :  |b Nuevos modelos de negocio /  |c Monserrat Jimňez Partearroyo 
256 |a Servicio en ln̕ea 
260 |a Bogot:̀  |b Ediciones de la U,  |c 2012 
300 |a 1 recurso electrn̤ico 
500 |a En las organizaciones, las tecnologa̕s de la informacin̤ han automatizado las tareas rutinarias dejando espacio para realizar actividades ms̀ gratificantes y de mayor valor, tanto para las personas como para la organizacin̤. Por ello, entender el rol de las tecnologa̕s de la informacin̤ dentro de las organizaciones, conjuntamente con el papel que desempeąn en la gestin̤ del conocimiento, es de vital importancia para las empresas.En este libro se describe el papel de las tecnologa̕s de la informacin̤ y comunicacin̤ (TIC) como sustento de la gestin̤ empresarial a lo largo de la cadena de valor de la empresa y su repercusin̤ en el capital humano, en la organizacin̤ y en las relaciones con todos los integrantes de la misma. Dada la imposibilidad de abordar todos los conceptos que se enmarcan en las TIC, as ̕como su influencia en los agentes econm̤icos, el marco de referencia utilizado es el m̀bito empresarial y el enfoque tecnolg̤ico se centrar ̀en aquellas aplicaciones que se utilizan para la gestin̤ interna de la empresa, como lo son las aplicaciones ERP, CRM y SCM. Tambiň se dedicar ̀un capt̕ulo a las tecnologa̕s utilizadas para la comunicacin̤ y conexin̤ con otras empresas, dando lugar a las aplicaciones de e-business y al modelo de empresa electrn̤ica. Por l︢timo, se dedicar ̀otro capt̕ulo a las aplicaciones de conocimiento o inteligencia de negocio, su interrelacin̤ con el resto de tecnologa̕s comentadas y la aparicin̤ del concepto de empresa de conocimiento.En este libro se describe el papel de las tecnologa̕s de la informacin̤ y comunicacin̤ (TIC) como sustento de la gestin̤ empresarial a lo largo de la cadena de valor de la empresa y su repercusin̤ en el capital humano, en la organizacin̤ y en las relaciones con todos los integrantes de la misma. Dada la imposibilidad de abordar todos los conceptos que se enmarcan en las TIC, as ̕como su influencia en los agentes econm̤icos, el marco de referencia utilizado es el m̀bito empresarial y el enfoque tecnolg̤ico se centrar ̀en aquellas aplicaciones que se utilizan para la gestin̤ interna de la empresa, como lo son las aplicaciones ERP, CRM y SCM. Tambiň se dedicar ̀un capt̕ulo a las tecnologa̕s utilizadas para la comunicacin̤ y conexin̤ con otras empresas, dando lugar a las aplicaciones de e-business y al modelo de empresa electrn̤ica. Por l︢timo, se dedicar ̀otro capt̕ulo a las aplicaciones de conocimiento o inteligencia de negocio, su interrelacin̤ con el resto de tecnologa̕s comentadas y la aparicin̤ del concepto de empresa de conocimiento. 
506 1 |a Disponible solo en los productos indicados  |d vLex Global  |d vLex Global (Academic Edition, excluding Law Schools)  |d vLex Global (U.S. Academic Edition, Law Schools)  |d vLex Global (U.S. Academic Edition, excluding Law Schools)  |d vLex Global (Academic Edition, Law Schools) 
650 0 4 |a Arquitectura  |z Colombia 
740 0 |a vLex Libros (Servicio en ln̕ea) 
856 4 0 |u https://vlex.com/source/gestion-informatica-de-la-empresa-nuevos-modelos-de-negocio-33369  |z Acceso restringido 
942 |c BOOK 
999 0 |a Architecture